000 00889nam a22002777a 4500
001 BR6002082
003 BR-BrBNA
005 20240129114811.0
007 ta
008 230509b bl.||||| |||| 00| 0 por d
040 _aBR-BrBNA
_bpor
_cBiblioteca Nacional de Agricultura
041 _a(Por)
072 _aA50; F00; L00
090 _aA50
_bBR6002082
110 1 _aInstituto de Pesquisas e Experimentacao Agropecuarias Meridional, Curitiba, PR (Brasil)
_96195
111 1 _a8. Reuniao de Diretores da Pesquisa Agropecuaria Federal
_cColombo, PR (Brazil)
_d1969
245 1 _aPrograma Nacional de Pesquisas Agropecuarias 1970 [Brasil]
260 3 _aCuritiba, PR (Brasil):
_c[nd].
300 _a270 p.
500 _aPublished 1969?
650 _aPesquisa agricola
650 _aProducao vegetal
650 _aProducao animal
650 _aPrograma de pesquisa
942 _cBK
_2AGRIS
999 _c11603
_d11603